000 02201nam a22003737a 4500
005 2009102008508.0
010 _aENG-95144 B-424022-024 B-430621
020 _a9780070677586
_c695.00
020 _a0070677581
_c695.00
035 _aEN-78677
035 _a B-424022-024
035 _a B-430621
037 _bDBAD/PUB
037 _bResearchco Book Centre
082 _a332.6092
245 _aBenjamin Graham on investing /
_cedited by Rodney G. Klein
260 _aNew Delhi
_bTata MaGraw Hill Education
_c2009
270 _a7, West patel Nagar
_bNew Delhi
_e110008
300 _axi, 400p.
_c23cm.(Hb)
500 _aIncludes index
600 _aGraham, Benjamin,
_d1894-1976
_931949
650 _aInvestment analysis
_931950
650 _aValue investing
_931951
700 _aKlein, Rodney G.
_931659
700 _aDarst, David M.
_931660
942 _2ddc
_cEN
_mGRA
_h332.6092
999 _c30967
_d30967